000 01246nam a22003377a 4500
001 BR2010004807
003 BR-BrBNA
005 20230928103403.0
007 ta
008 230509b bl.||||| |||| 00| 0 por d
040 _aBR-BrBNA
_bpor
_cBiblioteca Nacional de Agricultura
041 _a(Por)
072 _aQ03; Q04
_b8966
_b2790
090 _ 8966 BR2010004807
100 1 _aGuimarães, L.G. de L.
110 1 _aUniversidade Federal de Lavras, MG (Brasil)
_0Tese (Doutorado)
245 1 _aÓleos essenciais de Lippia sidoides Cham., Alomia fastigiata (Gardner)Benth, Ocotea odorifera (Vell.)Rohwer, Mikania glauca Mart. e Cordia verbenaceae D.C.: identificação e quantificação química, caracterização das estruturas secretoras, atividades antioxidante e antibacteriana
260 3 _aLavras, MG (Brasil):
_c2010.
300 _a225 p.
500 _aSummaries (Eng, Por); Several bibliography; 29 illus.; 9 tables
650 _aÓLEO ESSENCIAL
650 _aLIPPIA SIDOIDES
650 _aMIKANIA
650 _aCORDIA VERBENACEAE
650 _aPLANTA MEDICINAL
650 _aANÁLISE QUÍMICA
650 _aANTIOXIDANTE
650 _aANÁLISE BACTERIOLÓGICA
909 _a202309
_bLucia
_c55
_dLucia Elande
942 _cBK
999 _c74898
_d74898